Countries of the World in Reverse Alphabetical Order - Statistics

General Stats
  • This quiz has been taken 780 times
  • The average score is 100 of 196
Answers on the Map
Answers color-coded by a green-red scale on the quiz's map according to % correct below.
 
Answer Stats
Hint Country % Correct
Z Zimbabwe
98%
Y Yemen
93%
Z Zambia
93%
V Venezuela
86%
V Vietnam
84%
V Vanuatu
80%
V Vatican City
79%
U United States
75%
U Uruguay
75%
U Uzbekistan
73%
U Uganda
71%
U United Kingdom
71%
U Ukraine
68%
U United Arab Emirates
68%
T Tonga
66%
T Turkey
66%
T Turkmenistan
66%
T Tuvalu
66%
S South Korea
64%
S South Sudan
64%
S Sudan
64%
T Trinidad and Tobago
64%
S Somalia
63%
T Thailand
63%
S South Africa
61%
S Sweden
61%
S Syria
61%
T Togo
61%
R (C) Republic of the {Congo}
59%
T Tajikistan
59%
T Tunisia
59%
O Oman
57%
P Pakistan
57%
P Panama
57%
Q Qatar
57%
R Rwanda
57%
S Spain
57%
S Sri Lanka
57%
S Suriname
57%
S Switzerland
57%
T Taiwan
57%
T Tanzania
57%
N Norway
55%
P Papua New Guinea
55%
R Russia
55%
S Solomon Islands
55%
M Myanmar
54%
N Namibia
54%
N New Zealand
54%
N North Korea
54%
P Palau
54%
P Paraguay
54%
P Peru
54%
P Philippines
54%
P Portugal
54%
S Seychelles
54%
I India
52%
J Japan
52%
J Jordan
52%
M Madagascar
52%
M Monaco
52%
M Mongolia
52%
N Nauru
52%
P Poland
52%
R Romania
52%
S Saint Kitts and Nevis
52%
S Saint Lucia
52%
S Saint Vincent and the Grenadines
52%
S São Tomé and Príncipe
52%
S Singapore
52%
S Slovakia
52%
S Slovenia
52%
A Australia
50%
A Austria
50%
C Canada
50%
E Ethiopia
50%
F (M) Federated States of {Micronesia}
50%
F Fiji
50%
G Germany
50%
H Haiti
50%
H Honduras
50%
I Indonesia
50%
I Iran
50%
I Iraq
50%
J Jamaica
50%
K Kazakhstan
50%
M Mali
50%
M Morocco
50%
N Nepal
50%
N Niger
50%
N Nigeria
50%
N North Macedonia
50%
S Serbia
50%
A Afghanistan
48%
A Azerbaijan
48%
C Cambodia
48%
C Chad
48%
C China
48%
C Czech Republic
48%
E Eritrea
48%
G Gabon
48%
G Guinea
48%
G Guinea-Bissau
48%
G Guyana
48%
I Iceland
48%
I Italy
48%
K Kiribati
48%
K Kuwait
48%
K Kyrgyzstan
48%
L Laos
48%
L Latvia
48%
M Malawi
48%
M Mauritania
48%
M Mexico
48%
M Mozambique
48%
N Netherlands
48%
S Saudi Arabia
48%
S Senegal
48%
A Algeria
46%
A Angola
46%
A Armenia
46%
B Bahamas
46%
C Chile
46%
C Croatia
46%
D Democratic Republic of the {Congo}
46%
D Denmark
46%
D Djibouti
46%
D Dominican Republic
46%
E Ecuador
46%
E Egypt
46%
F Finland
46%
F France
46%
G Greece
46%
G Guatemala
46%
H Hungary
46%
I Ivory Coast
46%
M Mauritius
46%
M Montenegro
46%
N Nicaragua
46%
S Samoa
46%
S Sierra Leone
46%
A Albania
45%
A Andorra
45%
A Argentina
45%
B Barbados
45%
B Belarus
45%
B Burundi
45%
C Cameroon
45%
C Colombia
45%
C Cyprus
45%
D Dominica
45%
G Ghana
45%
G Grenada
45%
I Ireland
45%
K Kenya
45%
L Lithuania
45%
M Malaysia
45%
M Maldives
45%
M Malta
45%
M Marshall Islands
45%
S San Marino
45%
B Bangladesh
43%
B Belgium
43%
B Bhutan
43%
B Brazil
43%
B Burkina Faso
43%
C Cuba
43%
E East Timor
43%
E Equatorial Guinea
43%
E Estonia
43%
E Eswatini
43%
G Gambia
43%
I Israel
43%
K Kosovo
43%
L Libya
43%
A Antigua and Barbuda
41%
B Bahrain
41%
B Belize
41%
B Botswana
41%
B Brunei
41%
C Central AfricanRepublic
41%
C Comoros
41%
C Costa Rica
41%
L Lesotho
41%
L Luxembourg
41%
M Moldova
41%
B Benin
39%
B Bolivia
39%
C Cape Verde
39%
L Liberia
39%
L Liechtenstein
39%
B Bosnia and Herzegovina
38%
B Bulgaria
38%
E El Salvador
38%
G Georgia
38%
L Lebanon
38%
No matching quizzes found
Score Distribution
Percent of People with Each Score
Percentile by Number Answered
Your Score History
You have not taken this quiz